000 00562nam a2200205Ia 4500
003 GCL
008 140319s9999 xx 000 0 ara d
040 _aGCL /
_cGCL
082 0 4 _a874.4
_bا ل
100 1 _aاحسان هندى
245 1 0 _aلمحة عن الموالات السورية دراسة مع النصوص /
_cاحسان هندى
300 _a329 ص
490 _a
650 0 4 _aسوريا
650 0 4 _aالموسيقى
650 0 4 _aالغناء
650 0 4 _aالموسيقى الشعبية
650 0 4 _aالموشح
942 _2ddc
_cBK
999 _c44365
_d44365